000
00252nam a22001217a 4500
008
170710b xxu||||| |||| 00| 0 eng d
041
_a
eng
080
_a
94
100
_a
16
101
_a
SHH
245
_a
WORLD MYTHOLOGY
_c
GRIMAL,P
942
_2
udc
_c
BK
999
_c
20136
_d
20136